Innovar al estilo Sony: conozca sus secretos (Registro nro. 8294)
[ vista simple ]
| 000 -Cabecera | |
|---|---|
| Campo de control de longitud fija | 00574nam a2200217 b 4500 |
| 005 - Fecha y hora de la última transacción | |
| Campo de control | 20231012143252.0 |
| 008 - Elementos de longitud fija--Información general | |
| Campo de control de longitud fija | 061129s2006 sp | ||| ||spa |
| 020 ## - International Standard Book Number | |
| Número Internacional Estándar del Libro (ISBN) | 8423424715 |
| 041 1# - Idioma | |
| Código de idioma | |
| 082 ## - Clasificación Decimal Dewey | |
| Número de clasificación | 658.049 L951i |
| 100 1# - Entrada principal--Autor personal | |
| Nombre personal | Luh, Shu Shin |
| 9 (RLIN) | 11569 |
| 245 10 - Título propiamente dicho | |
| Título | Innovar al estilo Sony: conozca sus secretos |
| 260 ## - Pie de imprenta | |
| Lugar de publicación, distribución, etc. | España |
| Nombre del editor, distribuidor, etc. | Deusto |
| Fecha de publicación, distribución, etc. | 2007 |
| 300 ## - Descripción física | |
| Extensión | 238 páginas |
| 440 #0 - Declaración de serie/asiento adicional--título | |
| Título de la serie | Grandes Casos Empresariales |
| 650 ## - Materia general | |
| Temática (materia general) | ESTUDIO DE CASOS |
| 650 ## - Materia general | |
| Temática (materia general) | INNOVACIÓN |
| 650 ## - Materia general | |
| Temática (materia general) | MARKETING |
| 650 ## - Materia general | |
| Temática (materia general) | VIDEOJUEGOS |
| 942 ## - Punto de acceso adicional KOHA | |
| Tipo de ítem KOHA | Literatura |
| Fuente del sistema de clasificación o colocación | Dewey Decimal Classification |
| Signatura completa | Código de barras | Tipo de ítem |
|---|---|---|
| 658.049 L951i | 21324 | Literatura |